[Event "SB-2014-0-00353"]
[Site "LSS email"]
[Date "2014.02.22"]
[Round "?"]
[White "Hoehne, Volkmar"]
[Black "Bilsel, Sabahaddin"]
[Result "1/2-1/2"]
[WhiteElo "1832"]
[BlackElo "1798"]
[PlyCount "76"]
[EventDate "2014.01.16"]
[EventType "tourn (corr)"]
[EventRounds "6"]
[EventCountry "GER"]
[SourceTitle "Corr 2015"]
[Source "ChessBase"]
[SourceDate "2015.07.17"]
[SourceVersion "1"]
[SourceVersionDate "2015.07.17"]
[SourceQuality "1"]

1. e4 c5 2. Nf3 e6 3. d4 cxd4 4. Nxd4 Nc6 5. Nc3 Nf6 6. Nxc6 bxc6 7. e5 Nd5 8. Ne4 Qa5+ 9. c3 Ba6 10. Bd3 Be7 11. 0-0 Bxd3 12. Qxd3 f5 13. Ng5 Qc7 14. Qe2 a5 15. Qh5+ g6 16. Qe2 c5 17. c4 Nb4 18. Nf3 h6 19. Bd2 g5 20. Bc3 Qb7 21. Rfd1 g4 22. Ne1 h5 23. a3 Nc6 24. Rd3 Bg5 25. Rad1 Rh7 26. Nc2 a4 27. Ne3 Rf7 28. g3 h4 29. Nxf5 Rxf5 30. Rxd7 Qxd7 31. Rxd7 Kxd7 32. Qd1+ Ke8 33. Qxg4 hxg3 34. hxg3 Bd8 35. f4 Ra7 36. Qf3 Ne7 37. Qh1 Rf8 38. Qh5+ Rf7 1/2-1/2

[Event "BI-2014-F-0000"]
[Site "LSS email"]
[Date "2014.02.21"]
[Round "?"]
[White "Bilsel, Sabahaddin"]
[Black "Van Rooijen, Peter"]
[Result "1/2-1/2"]
[WhiteElo "1867"]
[BlackElo "1730"]
[PlyCount "89"]
[EventDate "2014.02.27"]
[EventType "tourn (corr)"]
[EventRounds "10"]
[EventCountry "GER"]
[SourceTitle "Corr 2022"]
[Source "ChessBase"]
[SourceDate "2021.10.24"]
[SourceVersion "1"]
[SourceVersionDate "2021.10.24"]
[SourceQuality "1"]

1. d4 e6 2. c4 Nf6 3. Nf3 d5 4. Nc3 Be7 5. Bg5 0-0 6. e3 Nbd7 7. Rc1 c6 8. Bd3 dxc4 9. Bxc4 Nd5 10. Bxe7 Qxe7 11. Ne4 N5f6 12. Nxf6+ Qxf6 13. 0-0 e5 14. e4 exd4 15. Qxd4 Qxd4 16. Nxd4 Ne5 17. Be2 Rd8 18. Rfd1 Ng6 19. g3 Bh3 20. f4 Nf8 21. e5 Ne6 22. Nb3 g5 23. fxg5 Nxg5 24. Na5 Rxd1+ 25. Rxd1 Kg7 26. b3 Rb8 27. Kf2 Ne4+ 28. Ke3 Nc3 29. Rd2 Nxe2 30. Rxe2 f6 31. Rf2 fxe5 32. Ke4 Kg6 33. Nc4 Re8 34. Nxe5+ Kg5 35. b4 Be6 36. a4 Kh6 37. a5 Kg7 38. Kd4 Rd8+ 39. Kc3 Rd1 40. a6 bxa6 41. Nxc6 Rc1+ 42. Rc2 Rxc2+ 43. Kxc2 Bd7 44. Nd4 Kf6 45. Kc3 1/2-1/2

[Event "SB-2014-0-00353"]
[Site "LSS email"]
[Date "2014.02.21"]
[Round "?"]
[White "De Waele, Willy"]
[Black "Bilsel, Sabahaddin"]
[Result "1/2-1/2"]
[WhiteElo "2067"]
[BlackElo "1798"]
[PlyCount "48"]
[EventDate "2014.01.16"]
[EventType "tourn (corr)"]
[EventRounds "6"]
[EventCountry "GER"]
[SourceTitle "Corr 2015"]
[Source "ChessBase"]
[SourceDate "2015.07.17"]
[SourceVersion "1"]
[SourceVersionDate "2015.07.17"]
[SourceQuality "1"]

1. e4 c5 2. Nf3 e6 3. d4 cxd4 4. Nxd4 Nf6 5. Nc3 Nc6 6. Ndb5 d6 7. Bf4 e5 8. Bg5 a6 9. Na3 b5 10. Nd5 Be7 11. Bxf6 Bxf6 12. c3 0-0 13. Nc2 Rb8 14. h4 Be7 15. a3 Qd7 16. Nce3 Bd8 17. g3 Qa7 18. Bg2 Be6 19. Qf3 Ne7 20. Nxe7+ Bxe7 21. 0-0 Rfc8 22. Rfd1 Rc5 23. Rd3 Bc4 24. Rd2 a5 1/2-1/2

[Event "SB-2014-0-00353"]
[Site "LSS email"]
[Date "2014.02.11"]
[Round "?"]
[White "Bilsel, Sabahaddin"]
[Black "Van Bommel, Ton"]
[Result "1/2-1/2"]
[WhiteElo "1798"]
[BlackElo "1841"]
[PlyCount "57"]
[EventDate "2014.01.16"]
[EventType "tourn (corr)"]
[EventRounds "6"]
[EventCountry "GER"]
[SourceTitle "Corr 2015"]
[Source "ChessBase"]
[SourceDate "2015.07.17"]
[SourceVersion "1"]
[SourceVersionDate "2015.07.17"]
[SourceQuality "1"]

1. d4 Nf6 2. c4 e6 3. Nc3 Bb4 4. e3 0-0 5. Bd3 d5 6. Nf3 c5 7. 0-0 Nc6 8. a3 Bxc3 9. bxc3 Qc7 10. cxd5 exd5 11. Nh4 Ne7 12. a4 c4 13. Bc2 Be6 14. Ba3 Rfe8 15. Qd2 Qd7 16. Rfb1 Ng6 17. Nxg6 fxg6 18. a5 Bf5 19. Bxf5 gxf5 20. Qb2 Reb8 21. h3 Qe6 22. Qc1 b5 23. axb6 axb6 24. Bb4 Ne4 25. Rxa8 Rxa8 26. Ra1 Rxa1 27. Qxa1 Nf6 28. Qa8+ Qe8 29. Qa2 1/2-1/2

[Event "Remote email"]
[Site "Remote email"]
[Date "2013.12.19"]
[Round "?"]
[White "Bilsel, Sabahaddin"]
[Black "Sicker, Rolf"]
[Result "0-1"]
[WhiteElo "2122"]
[BlackElo "2368"]
[PlyCount "38"]
[EventDate "2013.??.??"]
[EventType "tourn (corr)"]
[EventRounds "6"]
[EventCountry "GER"]
[SourceTitle "Corr 2015"]
[Source "ChessBase"]
[SourceDate "2015.07.17"]
[SourceVersion "1"]
[SourceVersionDate "2015.07.17"]
[SourceQuality "1"]

1. d4 d5 2. c4 e6 3. Nf3 c6 4. Nc3 Nf6 5. e3 Nbd7 6. Bd3 dxc4 7. Bxc4 b5 8. Bd3 a6 9. 0-0 c5 10. a4 b4 11. Ne4 Bb7 12. Nxf6+ Nxf6 13. dxc5 Bxc5 14. Qe2 0-0 15. e4 h6 16. Bf4 a5 17. Rac1 Rc8 18. Nd2 Bd4 19. Nc4 Nd7 0-1

[Event "Remote Swiss email"]
[Site "Remote email"]
[Date "2013.10.01"]
[Round "4"]
[White "Wittig, Frank"]
[Black "Bilsel, Sabahaddin"]
[Result "1/2-1/2"]
[WhiteElo "2338"]
[BlackElo "2116"]
[PlyCount "33"]
[EventDate "2013.??.??"]
[EventType "swiss (corr)"]
[EventRounds "6"]
[EventCountry "GER"]
[SourceTitle "Corr 2015"]
[Source "ChessBase"]
[SourceDate "2015.07.17"]
[SourceVersion "1"]
[SourceVersionDate "2015.07.17"]
[SourceQuality "1"]

1. e4 c5 2. Nf3 e6 3. Nc3 Nc6 4. Bb5 Nge7 5. d4 cxd4 6. Nxd4 Nxd4 7. Qxd4 a6 8. Be2 Nc6 9. Qd3 Be7 10. Be3 0-0 11. 0-0 b5 12. f4 Bb7 13. Rad1 d5 14. exd5 Nb4 15. Qd2 Nxd5 16. Nxd5 Bxd5 17. Bf3 1/2-1/2

[Event "LSS No Engine Cup 77 Final"]
[Site "LSS email"]
[Date "2013.06.29"]
[Round "?"]
[White "Bilsel, Sabahaddin"]
[Black "Herzog, Klaus"]
[Result "1/2-1/2"]
[WhiteElo "1804"]
[BlackElo "1802"]
[PlyCount "35"]
[EventDate "2013.06.30"]
[EventType "tourn (corr)"]
[EventRounds "6"]
[EventCountry "GER"]
[SourceTitle "Telechess CBM 167"]
[Source "ChessBase"]
[SourceDate "2015.07.13"]
[SourceVersion "1"]
[SourceVersionDate "2015.07.13"]
[SourceQuality "1"]

1. d4 Nf6 2. c4 g6 3. Nc3 Bg7 4. e4 0-0 5. Be2 d6 6. Bg5 c5 7. dxc5 Qa5 8. Bd2 Qxc5 9. Nf3 Bg4 10. Be3 Qa5 11. 0-0 Nc6 12. a3 Rfc8 13. b4 Qd8 14. Qb3 Qf8 15. Rfd1 Bh6 16. Nd5 Nxd5 17. exd5 Ne5 18. Bxh6 1/2-1/2

[Event "BI-2013-P-00028"]
[Site "LSS email"]
[Date "2013.04.23"]
[Round "?"]
[White "Bilsel, Sabahaddin"]
[Black "Glowinski, Daniel"]
[Result "1-0"]
[WhiteElo "1810"]
[BlackElo "1485"]
[PlyCount "55"]
[EventDate "2013.04.25"]
[EventType "tourn (corr)"]
[EventRounds "10"]
[EventCountry "GER"]
[SourceTitle "Telechess CBM 167"]
[Source "ChessBase"]
[SourceDate "2015.07.13"]
[SourceVersion "1"]
[SourceVersionDate "2015.07.13"]
[SourceQuality "1"]

1. d4 Nf6 2. c4 e6 3. Nf3 d5 4. Nc3 Be7 5. Bf4 0-0 6. e3 Nc6 7. Rc1 Nh5 8. Be5 a5 9. cxd5 exd5 10. h3 Be6 11. Be2 Nxe5 12. dxe5 c5 13. g4 d4 14. Na4 dxe3 15. Qxd8 Rfxd8 16. gxh5 h6 17. Nb6 exf2+ 18. Kxf2 Rab8 19. Bc4 Bf5 20. Ke3 Re8 21. Kf4 Bh7 22. Rc3 Rbd8 23. Re1 Bf8 24. Rg1 a4 25. a3 Rd6 26. Nxa4 Rdd8 27. Nb6 Be7 28. Bb5 1-0

[Event "BI-2013-P-00028"]
[Site "LSS email"]
[Date "2013.04.23"]
[Round "?"]
[White "Bilsel, Sabahaddin"]
[Black "Jokmin, Guido"]
[Result "1-0"]
[WhiteElo "1810"]
[BlackElo "737"]
[PlyCount "37"]
[EventDate "2013.04.25"]
[EventType "tourn (corr)"]
[EventRounds "10"]
[EventCountry "GER"]
[SourceTitle "Telechess CBM 167"]
[Source "ChessBase"]
[SourceDate "2015.07.13"]
[SourceVersion "1"]
[SourceVersionDate "2015.07.13"]
[SourceQuality "1"]

1. d4 d5 2. c4 e6 3. Nc3 Nf6 4. cxd5 Nxd5 5. e4 Nxc3 6. bxc3 Nc6 7. Nf3 Be7 8. Bd3 b6 9. 0-0 0-0 10. Qc2 Bf6 11. e5 Be7 12. Bxh7+ Kh8 13. Bd3 f6 14. exf6 Bxf6 15. Qe2 e5 16. Nxe5 Nxe5 17. Qh5+ Kg8 18. Bh7+ Kh8 19. Bg6+ 1-0

[Event "BI-2013-P-00028"]
[Site "LSS email"]
[Date "2013.04.23"]
[Round "?"]
[White "Wilk, Zdenek"]
[Black "Bilsel, Sabahaddin"]
[Result "1-0"]
[WhiteElo "1808"]
[BlackElo "1810"]
[PlyCount "103"]
[EventDate "2013.04.25"]
[EventType "tourn (corr)"]
[EventRounds "10"]
[EventCountry "GER"]
[SourceTitle "Telechess CBM 167"]
[Source "ChessBase"]
[SourceDate "2015.07.13"]
[SourceVersion "1"]
[SourceVersionDate "2015.07.13"]
[SourceQuality "1"]

1. e4 c5 2. Nf3 e6 3. d4 cxd4 4. Nxd4 Nf6 5. Nc3 d6 6. Be2 Be7 7. 0-0 a6 8. Qd3 b5 9. a3 Bb7 10. Qg3 0-0 11. Bf3 Nfd7 12. e5 Bh4 13. Qh3 d5 14. Bf4 Nc6 15. Nxc6 Bxc6 16. Bg4 Bb7 17. Rad1 Rc8 18. Be2 g6 19. Bd3 Re8 20. Rfe1 Nb6 21. Ne2 Na4 22. Bc1 Bg5 23. b3 Bxc1 24. Rxc1 Nc3 25. Qh6 Nxe2+ 26. Rxe2 Qa5 27. Ra1 Qc3 28. Rd1 d4 29. h4 Qb2 30. h5 Re7 31. Red2 Qc3 32. Qf4 Rd7 33. Bf1 Rd5 34. h6 Kf8 35. Qf6 Qc7 36. Qg7+ Ke7 37. Qf6+ Kf8 38. f4 Qd8 39. Qg7+ Ke7 40. Kf2 Qg8 41. Qf6+ Ke8 42. Be2 Qf8 43. Bf3 d3 44. c4 bxc4 45. bxc4 Rxc4 46. Rxd3 Qc5+ 47. Kg3 Rc3 48. Rxd5 Bxd5 49. Rb1 Kd7 50. Qxf7+ Qe7 51. Qg7 Bxf3 52. gxf3 1-0

[Event "ZI-2013-0-01584"]
[Site "LSS email"]
[Date "2013.04.02"]
[Round "?"]
[White "Bilsel, Sabahaddin"]
[Black "Kuzmin, Konstantin"]
[Result "0-1"]
[WhiteElo "1806"]
[BlackElo "2037"]
[PlyCount "50"]
[EventDate "2013.03.29"]
[EventType "match (corr)"]
[EventRounds "2"]
[EventCountry "GER"]
[SourceTitle "Telechess CBM 163"]
[Source "ChessBase"]
[SourceDate "2014.11.11"]
[SourceVersion "2"]
[SourceVersionDate "2014.11.11"]
[SourceQuality "1"]

1. d4 Nf6 2. c4 e6 3. Nc3 Bb4 4. e3 0-0 5. Bd3 d5 6. Nf3 b6 7. 0-0 Bb7 8. cxd5 exd5 9. a3 Bd6 10. b4 Nbd7 11. Qb3 a6 12. a4 Qe7 13. Rb1 Rfe8 14. b5 axb5 15. Nxb5 c5 16. Ba3 Bb8 17. Nc3 Bc6 18. Qc2 Ne4 19. dxc5 bxc5 20. Bb5 Ne5 21. Nxe4 Nxf3+ 22. gxf3 Bxh2+ 23. Kxh2 Qh4+ 24. Kg1 dxe4 25. Qxc5 Re6 0-1

[Event "BI-2012-F-00013"]
[Site "LSS email"]
[Date "2013.02.15"]
[Round "?"]
[White "Albesa, Alfredo Ricardo"]
[Black "Bilsel, Sabahaddin"]
[Result "1-0"]
[WhiteElo "1813"]
[BlackElo "1789"]
[PlyCount "83"]
[EventDate "2013.02.20"]
[EventType "tourn (corr)"]
[EventRounds "10"]
[EventCountry "GER"]
[SourceTitle "Telechess CBM 163"]
[Source "ChessBase"]
[SourceDate "2014.11.11"]
[SourceVersion "2"]
[SourceVersionDate "2014.11.11"]
[SourceQuality "1"]

1. e4 c5 2. Nf3 e6 3. d4 cxd4 4. Nxd4 Nc6 5. Nb5 Nf6 6. N1c3 Bb4 7. a3 Bxc3+ 8. Nxc3 d5 9. exd5 exd5 10. Bd3 0-0 11. 0-0 d4 12. Ne2 Re8 13. b4 Bg4 14. f3 Bh5 15. Bb2 a6 16. Rf2 Ne5 17. Nxd4 Nd5 18. c4 Nf4 19. Bf1 Bg6 20. Rd2 Qg5 21. Kh1 Bd3 22. g3 Nxc4 23. gxf4 Qxf4 24. Bxd3 Nxd2 25. Bc3 Rad8 26. Ra2 Nxf3 27. Rf2 Rxd4 28. Bxd4 Qxd4 29. Qxf3 Qd7 30. b5 axb5 31. Bxb5 Re1+ 32. Kg2 Qc7 33. Qf4 Qxf4 34. Rxf4 g6 35. Rf6 Re3 36. a4 Kg7 37. Rb6 Re7 38. Bc4 h5 39. Kf3 g5 40. Bb3 g4+ 41. Kf4 Re2 42. Rxb7 1-0

[Event "BI-2012-F-00013"]
[Site "LSS email"]
[Date "2013.02.15"]
[Round "?"]
[White "Bilsel, Sabahaddin"]
[Black "Loginov, Pavel"]
[Result "1/2-1/2"]
[WhiteElo "1789"]
[BlackElo "1918"]
[PlyCount "67"]
[EventDate "2013.02.20"]
[EventType "tourn (corr)"]
[EventRounds "10"]
[EventCountry "GER"]
[SourceTitle "Telechess CBM 163"]
[Source "ChessBase"]
[SourceDate "2014.11.11"]
[SourceVersion "2"]
[SourceVersionDate "2014.11.11"]
[SourceQuality "1"]

1. d4 d5 2. c4 c6 3. Nf3 Nf6 4. Nc3 e6 5. e3 Nbd7 6. Bd3 dxc4 7. Bxc4 b5 8. Bd3 a6 9. e4 c5 10. e5 cxd4 11. Nxb5 Nxe5 12. Nxe5 axb5 13. Qf3 Bb4+ 14. Ke2 Rb8 15. Qg3 Qd6 16. a3 Bc5 17. Nf3 Qxg3 18. hxg3 Nd5 19. Bd2 f6 20. Rac1 Bb6 21. Bxh7 Bd7 22. Be4 Kf7 23. Rxh8 Rxh8 24. Ne1 Ne7 25. Nd3 Rc8 26. Rxc8 Bxc8 27. f4 Bc7 28. g4 Bd6 29. Kf3 e5 30. Ba8 Bd7 31. g5 Be6 32. fxe5 fxe5 33. Bb4 Bc7 34. Be1 1/2-1/2

[Event "BI-2012-F-00013"]
[Site "LSS email"]
[Date "2013.02.15"]
[Round "?"]
[White "Kelemen, Gyorgy"]
[Black "Bilsel, Sabahaddin"]
[Result "0-1"]
[WhiteElo "1774"]
[BlackElo "1789"]
[PlyCount "86"]
[EventDate "2013.02.20"]
[EventType "tourn (corr)"]
[EventRounds "10"]
[EventCountry "GER"]
[SourceTitle "Telechess CBM 163"]
[Source "ChessBase"]
[SourceDate "2014.11.11"]
[SourceVersion "2"]
[SourceVersionDate "2014.11.11"]
[SourceQuality "1"]

1. e4 c5 2. Nf3 e6 3. d4 cxd4 4. Nxd4 Nf6 5. Nc3 d6 6. g4 h6 7. h4 Nc6 8. Rg1 d5 9. Bb5 Bd7 10. exd5 Nxd5 11. Nxd5 exd5 12. Qe2+ Be7 13. Nf5 0-0 14. Bxc6 Re8 15. Bxd7 Bb4+ 16. c3 Rxe2+ 17. Kxe2 Qxd7 18. cxb4 Re8+ 19. Kf1 d4 20. Kg2 h5 21. f3 d3 22. Bf4 hxg4 23. fxg4 Qd5+ 24. Kg3 d2 25. h5 Qd3+ 26. Ne3 Rxe3+ 27. Bxe3 Qxe3+ 28. Kh2 Qe5+ 29. Kh3 Qxb2 30. a3 Qc3+ 31. Kh4 Qe3 32. Rgf1 f6 33. Rad1 b5 34. Ra1 Kf7 35. Rg1 Qf2+ 36. Kh3 Qf3+ 37. Kh4 g5+ 38. hxg6+ Kxg6 39. Rad1 Qf2+ 40. Kh3 Kg5 41. Rdf1 d1Q 42. Rxd1 Qf3+ 43. Kh2 Kh4 0-1

[Event "BI-2012-F-00013"]
[Site "LSS email"]
[Date "2013.02.15"]
[Round "?"]
[White "Silva Filho, Alcindo Luz Bastos"]
[Black "Bilsel, Sabahaddin"]
[Result "1-0"]
[WhiteElo "2032"]
[BlackElo "1789"]
[PlyCount "107"]
[EventDate "2013.02.20"]
[EventType "tourn (corr)"]
[EventRounds "10"]
[EventCountry "GER"]
[SourceTitle "Telechess CBM 163"]
[Source "ChessBase"]
[SourceDate "2014.11.11"]
[SourceVersion "2"]
[SourceVersionDate "2014.11.11"]
[SourceQuality "1"]

1. e4 c5 2. Nf3 e6 3. Nc3 a6 4. g3 b5 5. Bg2 Bb7 6. 0-0 b4 7. Na4 Bxe4 8. d4 cxd4 9. Qxd4 Nf6 10. c4 Nc6 11. Qe3 Be7 12. b3 0-0 13. Bb2 d5 14. cxd5 Bxd5 15. Rac1 Rc8 16. Rfd1 Nb8 17. Rxc8 Qxc8 18. Nb6 Qc2 19. Qc1 Qxc1 20. Rxc1 Rd8 21. Ne5 Bxg2 22. Kxg2 Ne4 23. Rc7 Bd6 24. Rc4 Nd2 25. Rc2 Nb1 26. Nec4 Be7 27. Rc1 Na3 28. Nxa3 bxa3 29. Be5 Bb4 30. Bf4 h5 31. Rc7 Ba5 32. Rb7 Nc6 33. Nc4 Bc3 34. Bd6 Na5 35. Rb6 Nxc4 36. bxc4 a5 37. c5 Bb4 38. f4 Rc8 39. Rb5 f6 40. Kf3 Kf7 41. Ke4 Kg6 42. Kd4 Kf5 43. Kc4 Rc6 44. Rb8 Rxd6 45. cxd6 Bxd6 46. Rb5+ e5 47. fxe5 Bxe5 48. Rxa5 Ke4 49. Rxa3 h4 50. Rd3 g5 51. gxh4 gxh4 52. a4 Bxh2 53. Rd4+ Ke5 54. Rxh4 1-0

[Event "OP-2013-0-02598"]
[Site "LSS email"]
[Date "2013.01.19"]
[Round "?"]
[White "Bilsel, Sabahaddin"]
[Black "Hammerschmidt, Volker"]
[Result "0-1"]
[WhiteElo "1888"]
[BlackElo "1896"]
[PlyCount "84"]
[EventDate "2013.01.16"]
[EventType "tourn (corr)"]
[EventRounds "4"]
[EventCountry "GER"]
[SourceTitle "Telechess CBM 159"]
[Source "ChessBase"]
[SourceDate "2014.03.17"]
[SourceVersion "1"]
[SourceVersionDate "2014.03.17"]
[SourceQuality "1"]

1. d4 Nf6 2. c4 e6 3. Nc3 Bb4 4. e3 d5 5. Nf3 c5 6. Bd3 0-0 7. 0-0 Nc6 8. a3 Ba5 9. cxd5 exd5 10. dxc5 Bxc3 11. bxc3 Bg4 12. a4 Re8 13. Rb1 Ne5 14. Rxb7 Qc8 15. Rb3 Bxf3 16. gxf3 Qh3 17. Be2 Re6 18. e4 Nxe4 19. Bf4 Ng6 20. Bg3 Nh4 21. Bxh4 Qxh4 22. Qxd5 Rd8 23. Qxd8+ Qxd8 24. fxe4 Qg5+ 25. Kh1 g6 26. Rb4 Qxc5 27. Rc4 Qe7 28. f3 Rb6 29. Rb4 Rxb4 30. cxb4 Qxb4 31. Bb5 Qa5 32. Bc6 Kg7 33. Kg2 Qd2+ 34. Kg1 h5 35. Bb5 Qa5 36. Ra1 a6 37. Be2 Qc3 38. Rd1 Qc2 39. Kf1 Qxa4 40. Kf2 a5 41. Rd2 Qb4 42. Rc2 Qb3 0-1

[Event "SA-2013-0-00324"]
[Site "LSS email"]
[Date "2013.01.04"]
[Round "?"]
[White "Bilsel, Sabahaddin"]
[Black "De Waele, Willy"]
[Result "0-1"]
[WhiteElo "2078"]
[BlackElo "2088"]
[PlyCount "76"]
[EventDate "2012.12.15"]
[EventType "tourn (corr)"]
[EventRounds "6"]
[EventCountry "GER"]
[SourceTitle "Corr 2022"]
[Source "ChessBase"]
[SourceDate "2021.10.24"]
[SourceVersion "1"]
[SourceVersionDate "2021.10.24"]
[SourceQuality "1"]

1. d4 d5 2. c4 c6 3. Nf3 Nf6 4. Nc3 e6 5. Bg5 dxc4 6. e4 b5 7. e5 h6 8. Bh4 g5 9. Nxg5 hxg5 10. Bxg5 Nbd7 11. exf6 Bb7 12. g3 c5 13. d5 Qb6 14. Qc2 Ne5 15. 0-0-0 0-0-0 16. h4 b4 17. Na4 Qa6 18. dxe6 Rxd1+ 19. Qxd1 fxe6 20. Rg1 Nf3 21. b3 Qd6 22. Bxc4 Qe5 23. Kc2 Rh7 24. Bf4 Qxf6 25. Qf1 Be4+ 26. Bd3 Qf5 27. Bxe4 Qxe4+ 28. Kb2 Nxg1 29. Qxg1 Rd7 30. Qf1 Bg7+ 31. Kc1 Rd3 32. Bd2 c4 33. Bxb4 Qd4 34. Kc2 a5 35. Qe2 axb4 36. Qxe6+ Kd8 37. Qb6+ Qxb6 38. Nxb6 Rc3+ 0-1

[Event "SA-2013-0-00324"]
[Site "LSS email"]
[Date "2013.01.04"]
[Round "?"]
[White "Hlavica, Bretislav"]
[Black "Bilsel, Sabahaddin"]
[Result "1-0"]
[WhiteElo "2166"]
[BlackElo "2078"]
[PlyCount "93"]
[EventDate "2012.12.15"]
[EventType "tourn (corr)"]
[EventRounds "6"]
[EventCountry "GER"]
[SourceTitle "Corr 2022"]
[Source "ChessBase"]
[SourceDate "2021.10.24"]
[SourceVersion "1"]
[SourceVersionDate "2021.10.24"]
[SourceQuality "1"]

1. d4 Nf6 2. c4 e6 3. Nc3 c5 4. d5 d6 5. e4 Be7 6. Nf3 0-0 7. Be2 e5 8. 0-0 Ne8 9. h3 Na6 10. a3 Bd7 11. Qc2 Rc8 12. Be3 Qc7 13. Rfb1 Bd8 14. b4 Nf6 15. b5 Nb8 16. a4 h6 17. a5 Be7 18. Bd2 Qd8 19. Nd1 Re8 20. Bc3 g6 21. Bd2 Bf8 22. Nc3 Nh5 23. a6 b6 24. Na4 Nf4 25. Bf1 f5 26. Nxb6 axb6 27. a7 Na6 28. Rxa6 fxe4 29. Qxe4 Bf5 30. Qe1 Ra8 31. Nh2 h5 32. Rba1 Bg7 33. R1a3 Bc8 34. R6a4 Bf5 35. Qc1 Rf8 36. Bxf4 exf4 37. Bd3 Bxd3 38. Rxd3 Bf6 39. Ra6 Kg7 40. Rda3 g5 41. Qd1 Rh8 42. Qf3 Kh6 43. h4 Re8 44. hxg5+ Bxg5 45. Qd1 Re4 46. Nf3 Rxc4 47. Qd3 1-0

[Event "OP-2012-0-02545"]
[Site "LSS email"]
[Date "2012.12.29"]
[Round "?"]
[White "Bilsel, Sabahaddin"]
[Black "Basson, Heinrich"]
[Result "1/2-1/2"]
[WhiteElo "1899"]
[BlackElo "1454"]
[PlyCount "58"]
[EventDate "2012.12.13"]
[EventType "tourn (corr)"]
[EventRounds "4"]
[EventCountry "GER"]
[SourceTitle "Telechess CBM 159"]
[Source "ChessBase"]
[SourceDate "2014.03.17"]
[SourceVersion "1"]
[SourceVersionDate "2014.03.17"]
[SourceQuality "1"]

1. d4 d5 2. c4 Nf6 3. cxd5 Qxd5 4. Nc3 Qa5 5. Bd2 Qb6 6. e3 e6 7. Nf3 Nbd7 8. Bd3 Be7 9. 0-0 0-0 10. Rc1 c6 11. Qc2 h6 12. a3 Qc7 13. e4 e5 14. Nd5 Nxd5 15. exd5 exd4 16. Rfe1 Bf6 17. Be4 c5 18. b4 c4 19. Qxc4 Qxc4 20. Rxc4 Nb6 21. Rc7 Rd8 22. b5 Bd7 23. d6 Bxb5 24. Rxb7 Rab8 25. Rxb8 Rxb8 26. Rc1 Rd8 27. Bb4 Re8 28. Rc5 Be2 29. Nd2 Bg5 1/2-1/2

[Event "OP-2012-0-02545"]
[Site "LSS email"]
[Date "2012.12.29"]
[Round "?"]
[White "Molina, Vicente Andres"]
[Black "Bilsel, Sabahaddin"]
[Result "0-1"]
[WhiteElo "817"]
[BlackElo "1899"]
[PlyCount "62"]
[EventDate "2012.12.13"]
[EventType "tourn (corr)"]
[EventRounds "4"]
[EventCountry "GER"]
[SourceTitle "Telechess CBM 159"]
[Source "ChessBase"]
[SourceDate "2014.03.17"]
[SourceVersion "1"]
[SourceVersionDate "2014.03.17"]
[SourceQuality "1"]

1. e4 c5 2. Nf3 e6 3. d4 cxd4 4. Nxd4 Nf6 5. f3 d5 6. exd5 Nxd5 7. c4 Bb4+ 8. Bd2 Qh4+ 9. g3 Qxd4 10. Nc3 Nxc3 11. bxc3 Bxc3 12. Bxc3 Qxc3+ 13. Kf2 0-0 14. Rc1 Qf6 15. Bd3 Rd8 16. Kg2 Nc6 17. Qe2 Nd4 18. Qe4 Qxf3+ 19. Qxf3 Nxf3 20. Kxf3 Rxd3+ 21. Ke4 Rd2 22. Rhd1 f5+ 23. Ke5 Rxh2 24. Rd8+ Kf7 25. c5 Ke7 26. Rg8 Re2+ 27. Kf4 Kf7 28. Rh8 h6 29. Rd1 b6 30. Rdd8 Bb7 31. Rxa8 g5# 0-1

[Event "Remote Swiss email"]
[Site "Remote email"]
[Date "2012.08.23"]
[Round "3"]
[White "Bilsel, Sabahaddin"]
[Black "Nogler, Schimun"]
[Result "1/2-1/2"]
[WhiteElo "1888"]
[BlackElo "2419"]
[PlyCount "62"]
[EventDate "2012.??.??"]
[EventType "swiss (corr)"]
[EventRounds "6"]
[EventCountry "GER"]
[SourceTitle "Corr 2015"]
[Source "ChessBase"]
[SourceDate "2015.07.17"]
[SourceVersion "1"]
[SourceVersionDate "2015.07.17"]
[SourceQuality "1"]

1. d4 Nf6 2. c4 g6 3. Nc3 d5 4. cxd5 Nxd5 5. e4 Nxc3 6. bxc3 c5 7. Bb5+ Bd7 8. Bxd7+ Nxd7 9. Nf3 Bg7 10. 0-0 0-0 11. Rb1 Qc7 12. Bg5 e6 13. Qd2 Nb6 14. h4 Rac8 15. Rfc1 Rfe8 16. Qe3 h5 17. Qd3 Qd7 18. g3 Rc6 19. Kg2 Rec8 20. Bf4 cxd4 21. cxd4 Rxc1 22. Rxc1 Rxc1 23. Bxc1 Qa4 24. Qb3 Qc6 25. Qb1 a6 26. Bd2 Nc4 27. Bf4 b5 28. Qd3 Qb7 29. d5 Nb2 30. Qd2 Nc4 31. Qd3 Nb2 1/2-1/2

[Event "Remote Swiss email"]
[Site "Remote email"]
[Date "2012.08.23"]
[Round "3"]
[White "Kuehne, Ralf"]
[Black "Bilsel, Sabahaddin"]
[Result "1/2-1/2"]
[WhiteElo "2232"]
[BlackElo "1888"]
[PlyCount "39"]
[EventDate "2012.??.??"]
[EventType "swiss (corr)"]
[EventRounds "6"]
[EventCountry "GER"]
[SourceTitle "Corr 2015"]
[Source "ChessBase"]
[SourceDate "2015.07.17"]
[SourceVersion "1"]
[SourceVersionDate "2015.07.17"]
[SourceQuality "1"]

1. d4 Nf6 2. c4 e6 3. Nf3 b6 4. g3 Bb7 5. Bg2 Be7 6. 0-0 0-0 7. Nc3 d5 8. Ne5 Nbd7 9. Bf4 c5 10. Rc1 Rc8 11. cxd5 Nxd5 12. Nxd7 Nxc3 13. Rxc3 Bxg2 14. Kxg2 Qxd7 15. dxc5 Qb7+ 16. f3 Rxc5 17. Rxc5 Bxc5 18. Qa4 Rd8 19. b4 Bf8 20. Be3 1/2-1/2

[Event "SA-2012-0-00276"]
[Site "LSS email"]
[Date "2012.07.06"]
[Round "?"]
[White "Bilsel, Sabahaddin"]
[Black "Husemann, Andreas"]
[Result "1/2-1/2"]
[WhiteElo "1899"]
[BlackElo "2067"]
[PlyCount "44"]
[EventDate "2012.06.14"]
[EventType "tourn (corr)"]
[EventRounds "6"]
[EventCountry "GER"]
[SourceTitle "Telechess CBM 159"]
[Source "ChessBase"]
[SourceDate "2014.03.17"]
[SourceVersion "1"]
[SourceVersionDate "2014.03.17"]
[SourceQuality "1"]

1. d4 Nf6 2. c4 e6 3. Nc3 Bb4 4. e3 0-0 5. Bd2 b6 6. Nf3 Bb7 7. Be2 d6 8. 0-0 Nbd7 9. a3 Bxc3 10. Bxc3 Ne4 11. Qc2 f5 12. b4 Rf6 13. g3 Rh6 14. Bb2 Qf6 15. d5 Qg6 16. Rad1 e5 17. Nd2 Ndf6 18. Nxe4 Nxe4 19. Bf3 Ng5 20. Be2 Ne4 21. Bf3 Ng5 22. Be2 Ne4 1/2-1/2